Metropolis (Record no. 115950)

MARC details
000 -LEADER
fixed length control field 01317cam a22002175a 4500
001 - CONTROL NUMBER
control field L159491
008 - FIXED-LENGTH DATA ELEMENTS--GENERAL INFORMATION
fixed length control field 170801s2015 xxk f 000 0 eng d
020 ## - INTERNATIONAL STANDARD BOOK NUMBER
International Standard Book Number 9781844862207
035 ## - SYSTEM CONTROL NUMBER
System control number (Sirsi) u159491
041 0# - LANGUAGE CODE
Language code of text/sound track or separate title eng
050 04 - LIBRARY OF CONGRESS CALL NUMBER
Classification number 526.09 $2 18
100 ## - MAIN ENTRY--PERSONAL NAME
Personal name Black, Jeremy
245 00 - TITLE STATEMENT
Title Metropolis
Remainder of title mapping the city
260 ## - PUBLICATION, DISTRIBUTION, ETC.
Place of publication, distribution, etc. London
Name of publisher, distributor, etc. Conway
Date of publication, distribution, etc. 2015
300 ## - PHYSICAL DESCRIPTION
Extent 224p.
Other physical details ill
-- maps
Dimensions 29cm.
520 ## - SUMMARY, ETC.
Summary, etc. Looks at the development of the mapping and representation of the city revealing how we organize the urban space. From skyline profiles, bird's eye views and panoramas, to the schematic maps of transport networks and road layouts to help us navigate, and statistical maps that can provide information on human aspirations, cities can reveal themselves in many ways. Focusing on key points in the development of urban representation and including visions of the future of how we would be living today, this enlightening book illustrates some of the oldest, youngest, liveliest, and most contested cities in the world. Each map has a purpose and its design reflects this. Extended captions explain its relevance and elegance.
651 #4 - SUBJECT ADDED ENTRY--GEOGRAPHIC NAME
Geographic name International
690 ## - LOCAL SUBJECT ADDED ENTRY--TOPICAL TERM (OCLC, RLIN)
Topical term or geographic name as entry element ENVIRONMENTAL AND LAND CONSULTANCY-GEOMATICS-MAPPING AND POSITIONING-CARTOGRAPHY
700 1# - ADDED ENTRY--PERSONAL NAME
Personal name Westhorp, Christopher
942 ## - ADDED ENTRY ELEMENTS (KOHA)
Suppress in OPAC 0
Holdings
Withdrawn status Lost status Source of classification or shelving scheme Damaged status Not for loan Home library Current library Shelving location Date acquired Total Checkouts Full call number Barcode Date last seen Copy number Price effective from Koha item type
    Dewey Decimal Classification     London London Folio 01/08/2017   F526.09 BLA 30078491 10/05/2024 1 06/08/2019 Book